[Event "84th Tata Steel Challengers 2022"]
[Site "Wijk aan Zee"]
[Date "2022.01.20"]
[Round "5.7"]
[White "Shuvalova, Polina"]
[Black "Maurizzi, Marc`Andria"]
[Result "1-0"]
[WhiteElo "2516"]
[BlackElo "2496"]
[Annotator "TA"]
[PlyCount "105"]
[EventDate "2022.01.15"]
[EventType "tourn"]
[EventCountry "NED"]
[SourceTitle "playchess.com"]
[Source "ChessBase"]
[SourceQuality "1"]

1. e4 c5 2. Nf3 d6 3. d4 cxd4 4. Nxd4 Nf6 5. Nc3 g6 6. Be3 Bg7 7. f3 a6 8. Qd2 h5 9. Bc4 Nbd7 10. a4 Ne5 11. Bb3 Bd7 12. f4 Nc6 13. h3 O-O 14. O-O Nxd4 15. Bxd4 Bc6 16. Rae1 Nd7 17. f5 Bxd4+ 18. Qxd4 Kh7 19. fxg6+ fxg6 20. Rxf8 Qxf8 21. Rf1 Nf6 22. e5 dxe5 23. Qxe5 Rd8 24. Nd5 Bxd5 25. Bxd5 Rd7 26. Be4 Qg7 27. Bd3 Rd5 28. Qb8 Rd7 29. Rf3 h4 30. Rf4 Qh6 31. Qe5 a5 32. b3 b6 33. Kh2 Ra7 34. Qd4 Rd7 35. Qf2 Qg5 36. Rxh4+ Kg7 37. Rf4 e5 38. Rc4 e4 39. Bxe4 Rd2 40. Qe1 Qe5+ 41. Qg3 Qxg3+ 42. Kxg3 Nxe4+ 43. Rxe4 Rxc2 44. Kf3 Rd2 45. g3 Kf6 46. Kg4 b5 47. Rf4+ Kg7 48. b4 g5 49. Re4 axb4 50. axb5 b3 51. Rb4 b2 52. Kf3 Rd3+ 53. Kf2 1-0

[Event "85th Tata Steel Challengers 2023"]
[Site "Wijk aan Zee"]
[Date "2023.01.18"]
[Round "5.7"]
[White "Vaishali, Rameshbabu"]
[Black "Adhiban, B.."]
[Result "1/2-1/2"]
[WhiteElo "2425"]
[BlackElo "2610"]
[Annotator "TA"]
[PlyCount "73"]
[EventDate "2023.01.10"]
[EventType "tourn"]
[EventCountry "NED"]
[SourceTitle "playchess.com"]
[Source "ChessBase"]
[SourceQuality "1"]

1. e4 c5 2. Nf3 Nc6 3. d4 cxd4 4. Nxd4 g6 5. c4 Nf6 6. Nc3 d6 7. f3 Nxd4 8. Qxd4 Bg7 9. Be3 O-O 10. Qd2 Be6 11. Rc1 a6 12. b3 Qc7 13. Be2 Rfc8 14. O-O Qa5 15. Rfd1 Nd7 16. Rc2 b5 17. Nd5 Qxd2 18. Rcxd2 Bxd5 19. Rxd5 b4 20. f4 Nf6 21. Ra5 Nxe4 22. Bf3 f5 23. Bd4 Bh6 24. g3 e6 25. Re1 Kf7 26. Bxe4 fxe4 27. Rxe4 Rc6 28. Kf2 Bf8 29. Re2 Rd8 30. Rd2 Be7 31. Be3 Rb8 32. Kf3 h5 33. Ke4 Bd8 34. Ra4 Bf6 35. Kf3 Rb7 36. Ra5 Bd8 37. Ke4 1/2-1/2

[Event "Tata Steel"]
[Site "Wijk aan Zee NED"]
[Date "2016.01.22"]
[Round "6"]
[White "Magnus Carlsen"]
[Black "Evgeny Tomashevsky"]
[Result "1-0"]
[WhiteElo "2844"]
[BlackElo "2728"]
[Annotator "TA"]
[PlyCount "38"]
[EventDate "2016.01.15"]

1. d4 Nf6 2. c4 e6 3. Nf3 d5 4. Nc3 c5 5. cxd5 Nxd5 6. e4 Nxc3 7. bxc3 cxd4 8. cxd4 Bb4+ 9. Bd2 Bxd2+ 10. Qxd2 O-O 11. Bc4 Nd7 12. O-O b6 13. a4 Bb7 14. Rfe1 Nf6 15. Bd3 h6 16. a5 a6 17. axb6 Qxb6 18. Rab1 Qc7 19. Rbc1 Qe7 1-0

[Event "80th Tata Steel Masters 2018"]
[Site "Wijk aan Zee"]
[Date "2018.01.19"]
[Round "6"]
[White "Kramnik, Vladimir"]
[Black "Jones, Gawain C B"]
[Result "1/2-1/2"]
[WhiteElo "2787"]
[BlackElo "2640"]
[Annotator "TA"]
[PlyCount "82"]
[EventDate "2018.??.??"]
[EventType "tourn"]
[EventRounds "4"]
[EventCountry "NED"]
[SourceTitle "playchess.com"]
[Source "ChessBase"]
[SourceQuality "1"]

1. d4 Nf6 2. Nf3 g6 3. g3 Bg7 4. Bg2 O-O 5. O-O d6 6. Re1 c6 7. e4 Qc7 8. e5 dxe5 9. dxe5 Nd5 10. Qe2 b5 11. Nbd2 a5 12. c4 Nb4 13. Nd4 Rd8 14. a3 Rxd4 15. axb4 bxc4 16. Nxc4 Bg4 17. Qf1 Bf5 18. Be3 Bd3 19. Bxd4 Bxf1 20. Bxf1 c5 21. Bxc5 Nd7 22. Bd4 a4 23. b5 Rb8 24. Rec1 h5 25. b6 Qc6 26. Na5 Qe6 27. Bc4 Qg4 28. Nc6 Rxb6 29. Bxb6 Nxb6 30. Nxe7+ Kf8 31. Nd5 Bxe5 32. Nxb6 Bxb2 33. h3 Qxh3 34. Bf1 Qe6 35. Nxa4 Bxa1 36. Rxa1 h4 37. Nc5 Qd5 38. Rc1 hxg3 39. Nd3 gxf2+ 40. Kxf2 Qd4+ 41. Ke2 Qg4+ 1/2-1/2

[Event "80th Tata Steel Masters 2018"]
[Site "Wijk aan Zee"]
[Date "2018.01.19"]
[Round "6"]
[White "Svidler, Peter"]
[Black "Carlsen, Magnus"]
[Result "1/2-1/2"]
[WhiteElo "2768"]
[BlackElo "2834"]
[Annotator "TA"]
[PlyCount "61"]
[EventDate "2018.??.??"]
[EventType "tourn"]
[EventRounds "4"]
[EventCountry "NED"]
[SourceTitle "playchess.com"]
[Source "ChessBase"]
[SourceQuality "1"]

1. c4 e6 2. Nc3 Bb4 3. Qb3 c5 4. Nb5 Nc6 5. Nd6+ Kf8 6. Nf3 Qe7 7. Nxc8 Rxc8 8. e3 e5 9. Qc2 e4 10. Ng1 Nf6 11. Ne2 Ba5 12. a3 h5 13. b3 Rd8 14. Bb2 d5 15. cxd5 Rxd5 16. O-O-O Ng4 17. Ng3 Nxf2 18. Bc4 Nxd1 19. Rxd1 Rg5 20. Rf1 Nd8 21. Nf5 Qd7 22. Qxe4 Rg4 23. Bxg7+ Rxg7 24. Nxg7 Qxd2+ 25. Kb1 Bc3 26. Rxf7+ Nxf7 27. Qe8+ Kxg7 28. Qxf7+ Kh6 29. Qf4+ Kg6 30. Qf7+ Kh6 31. Qf4+ 1/2-1/2

[Event "80th Tata Steel Masters 2018"]
[Site "Wijk aan Zee"]
[Date "2018.01.19"]
[Round "6"]
[White "Wei, Yi"]
[Black "So, Wesley"]
[Result "0-1"]
[WhiteElo "2743"]
[BlackElo "2792"]
[Annotator "TA"]
[PlyCount "82"]
[EventDate "2018.??.??"]
[EventType "tourn"]
[EventRounds "4"]
[EventCountry "NED"]
[SourceTitle "playchess.com"]
[Source "ChessBase"]
[SourceQuality "1"]

1. Nf3 d5 2. e3 Nf6 3. c4 e6 4. Nc3 dxc4 5. Bxc4 a6 6. b3 c5 7. Bb2 Nc6 8. Qc2 Be7 9. a3 b6 10. g4 h6 11. Rg1 b5 12. Be2 Bb7 13. g5 hxg5 14. Nxg5 Rh6 15. Nce4 Nxe4 16. Nxe4 g6 17. Nxc5 Bxc5 18. Qxc5 Rxh2 19. a4 Qh4 20. Rf1 Rc8 21. Qb6 Nd8 22. axb5 Bg2 23. Ra4 Qh3 24. Ba3 Rh1 25. bxa6 Qh8 26. Rd4 Bxf1 27. Qb5+ Nc6 28. Bxf1 Rxf1+ 29. Kxf1 Qh1+ 30. Ke2 Qh5+ 31. Qxh5 Nxd4+ 32. exd4 gxh5 33. b4 Rb8 34. Kf3 Kd7 35. Kg3 Kc6 36. b5+ Rxb5 37. Bc5 Rb2 38. a7 Kb7 39. d5 exd5 40. Be3 Rb4 41. d4 Rb1 0-1

[Event "80th Tata Steel Masters 2018"]
[Site "Wijk aan Zee"]
[Date "2018.01.19"]
[Round "6"]
[White "Adhiban, B."]
[Black "Mamedyarov, Shakhriyar"]
[Result "0-1"]
[WhiteElo "2655"]
[BlackElo "2804"]
[Annotator "TA"]
[PlyCount "172"]
[EventDate "2018.??.??"]
[EventType "tourn"]
[EventRounds "4"]
[EventCountry "NED"]
[SourceTitle "playchess.com"]
[Source "ChessBase"]
[SourceQuality "1"]

1. c4 c5 2. Nf3 Nc6 3. d4 cxd4 4. Nxd4 Nf6 5. Nc3 e6 6. a3 Bc5 7. Be3 Nxd4 8. Bxd4 b6 9. e4 Bb7 10. b4 Be7 11. Bd3 d6 12. O-O O-O 13. Qe2 Nd7 14. Rfd1 Rc8 15. Rac1 Qc7 16. Nb5 Qb8 17. Qg4 Nf6 18. Qe2 Nd7 19. Qg4 Ne5 20. Qg3 Ng6 21. f3 Rfd8 22. Bf1 Bh4 23. Qg4 h6 24. Be3 Bf6 25. Nd4 Re8 26. Nb5 Rcd8 27. a4 Bc6 28. Qg3 Bh4 29. Qg4 Re7 30. Bd3 Bf6 31. f4 Qa8 32. Re1 Rdd7 33. Bf2 a5 34. Bxb6 axb4 35. a5 b3 36. Kh1 e5 37. f5 Nf4 38. Bb1 d5 39. exd5 Bxb5 40. cxb5 Qxd5 41. Be4 Qd2 42. a6 b2 43. Rb1 Qb4 44. Bc6 Rd3 45. Be3 Ra3 46. a7 Rexa7 47. Bxa7 Rxa7 48. Qd1 Ra3 49. Be4 Qxb5 50. Qd2 Rb3 51. g3 Nh3 52. Bg2 Ng5 53. h4 Nf3 54. Bxf3 Rxf3 55. Rxb2 Qa4 56. Re3 e4 57. Rb8+ Kh7 58. Kg2 Qc6 59. Rxf3 exf3+ 60. Kf2 Be7 61. Qd3 Bc5+ 62. Kf1 Ba7 63. Rb1 Qc5 64. Ke1 Qf2+ 65. Kd1 f6 66. Rb3 Qg1+ 67. Kc2 Qg2+ 68. Kc3 Qxg3 69. h5 Qe5+ 70. Kb4 Qf4+ 71. Kb5 f2 72. Rb1 Qg4 73. Ra1 Bd4 74. Rf1 Qg2 75. Kc4 Bb6 76. Kb5 Be3 77. Ka4 Bd2 78. Kb5 Be1 79. Kc5 Qg4 80. Kd6 Qxh5 81. Ke7 Qh2 82. Qd8 Qh3 83. Qc8 Bb4+ 84. Ke8 Qh5+ 85. Kd8 Qe2 86. Qc1 Be1 0-1

[Event "80th Tata Steel Challengers 2018"]
[Site "Wijk aan Zee"]
[Date "2018.01.19"]
[Round "6"]
[White "Korobov, Anton"]
[Black "Tari, Aryan"]
[Result "1-0"]
[WhiteElo "2652"]
[BlackElo "2599"]
[Annotator "TA"]
[PlyCount "81"]
[EventDate "2018.??.??"]
[EventType "tourn"]
[EventCountry "NED"]
[SourceTitle "playchess.com"]
[Source "ChessBase"]
[SourceQuality "1"]

1. d4 Nf6 2. c4 g6 3. g3 c6 4. Bg2 d5 5. Qa4 Nfd7 6. cxd5 Nb6 7. Qd1 cxd5 8. Nc3 Nc6 9. e3 Bf5 10. Nh3 Bxh3 11. Bxh3 Bg7 12. O-O O-O 13. b3 e6 14. Bb2 Nc8 15. Qe2 Nd6 16. Rfc1 Rc8 17. Na4 b6 18. Ba3 Re8 19. Nc3 Bf8 20. Qa6 Rc7 21. Bxd6 Bxd6 22. Nb5 Nb8 23. Qa4 Rxc1+ 24. Rxc1 Re7 25. Nxa7 Rc7 26. Rxc7 Qxc7 27. Nb5 Qc1+ 28. Bf1 Bf8 29. Qa7 Nc6 30. Qc7 Qc2 31. a3 h5 32. h4 Be7 33. b4 Bd8 34. Qd7 Kg7 35. Nc7 Bxc7 36. Qxc7 Qa4 37. Qxb6 Ne7 38. Qc5 Ng8 39. b5 Nf6 40. f3 Nd7 41. Qd6 1-0

[Event "80th Tata Steel Challengers 2018"]
[Site "Wijk aan Zee"]
[Date "2018.01.19"]
[Round "6"]
[White "Bluebaum, Matthias"]
[Black "Amin, Bassem"]
[Result "1/2-1/2"]
[WhiteElo "2640"]
[BlackElo "2693"]
[Annotator "TA"]
[PlyCount "131"]
[EventDate "2018.??.??"]
[EventType "tourn"]
[EventCountry "NED"]
[SourceTitle "playchess.com"]
[Source "ChessBase"]
[SourceQuality "1"]

1. d4 Nf6 2. c4 g6 3. Nc3 Bg7 4. e4 d6 5. h3 O-O 6. Be3 c5 7. Nf3 cxd4 8. Nxd4 b6 9. g3 Bb7 10. Bg2 Nbd7 11. O-O Rb8 12. Qc2 a6 13. Rad1 e6 14. Rfe1 Qe7 15. Qd2 Rfc8 16. b3 Ba8 17. Nde2 Ne8 18. Bh6 Bxh6 19. Qxh6 b5 20. cxb5 axb5 21. Qe3 b4 22. Na4 e5 23. Nc1 Nc5 24. Nb2 Nf6 25. f3 Ncd7 26. Nc4 d5 27. exd5 Nxd5 28. Qf2 Nc3 29. Rd2 Bd5 30. Nxe5 Nxe5 31. f4 Bxg2 32. Rxe5 Qxe5 33. fxe5 Ne4 34. Qa7 Bf3 35. Nd3 Nxd2 36. e6 fxe6 37. Qe3 e5 38. Qxd2 Rd8 39. Qe3 e4 40. Nf2 Re8 41. g4 Rbc8 42. g5 Rc2 43. h4 Rxa2 44. Qd4 Ra6 45. Qc4+ Rae6 46. Kf1 Kg7 47. Qd4+ Kf7 48. Qd5 Kf8 49. Ke1 Re5 50. Qd4 Kf7 51. Qc4+ Kg7 52. Qd4 Kf7 53. Qc4+ Kg7 54. Qd4 R8e7 55. Qxb4 h6 56. Nh3 Kh7 57. Qd6 R5e6 58. Qd8 Re8 59. Qd7+ R6e7 60. Qc6 Rf8 61. Qd6 Ref7 62. gxh6 Kxh6 63. Ng5 Rf5 64. Qe7 Kh5 65. Ne6 R8f7 66. Ng7+ 1/2-1/2

[Event "80th Tata Steel Challengers 2018"]
[Site "Wijk aan Zee"]
[Date "2018.01.19"]
[Round "6"]
[White "Xiong, Jeffery"]
[Black "Krasenkow, Michal"]
[Result "1/2-1/2"]
[WhiteElo "2634"]
[BlackElo "2671"]
[Annotator "TA"]
[PlyCount "104"]
[EventDate "2018.??.??"]
[EventType "tourn"]
[EventCountry "NED"]
[SourceTitle "playchess.com"]
[Source "ChessBase"]
[SourceQuality "1"]

1. d4 Nf6 2. c4 e6 3. Nf3 d5 4. g3 dxc4 5. Bg2 Nc6 6. Qa4 Bb4+ 7. Bd2 Bd6 8. Qxc4 O-O 9. Nc3 e5 10. dxe5 Nxe5 11. Nxe5 Bxe5 12. Rd1 c6 13. Bf4 Qe7 14. Bxe5 Qxe5 15. Qd4 Qc7 16. O-O Be6 17. b3 h6 18. Na4 Rfd8 19. Qc3 Rxd1 20. Rxd1 Rd8 21. Rd4 c5 22. Rxd8+ Qxd8 23. Bxb7 Qd1+ 24. Kg2 c4 25. Bf3 cxb3 26. axb3 Qxb3 27. Qa5 Qb8 28. Nc5 Bc4 29. Qa4 Bb5 30. Qb3 Qe8 31. Qa2 Qe7 32. Nd3 a6 33. h4 Qd6 34. Nf4 Bc6 35. Qa5 Bxf3+ 36. exf3 g6 37. Kg1 Ne8 38. Nd5 Qe5 39. f4 Qd6 40. Ne3 Nf6 41. Qa1 Ne4 42. Qa4 Nd2 43. h5 Nf3+ 44. Kg2 Nd4 45. hxg6 fxg6 46. Qc4+ Kg7 47. Nd5 Nb5 48. Ne3 h5 49. Kg1 Nd4 50. Nd5 Nf5 51. Nc7 Qd1+ 52. Kg2 Nh4+ 1/2-1/2

[Event "80th Tata Steel Challengers 2018"]
[Site "Wijk aan Zee"]
[Date "2018.01.19"]
[Round "6"]
[White "Gordievsky, Dmitry"]
[Black "Harika, Dronavalli"]
[Result "1/2-1/2"]
[WhiteElo "2622"]
[BlackElo "2497"]
[Annotator "TA"]
[PlyCount "192"]
[EventDate "2018.??.??"]
[EventType "tourn"]
[EventCountry "NED"]
[SourceTitle "playchess.com"]
[Source "ChessBase"]
[SourceQuality "1"]

1. Nf3 Nf6 2. g3 d5 3. Bg2 e6 4. O-O Be7 5. d3 O-O 6. Nbd2 Nc6 7. d4 b6 8. c4 Bb7 9. b3 Na5 10. cxd5 exd5 11. Bb2 c5 12. Rc1 Rc8 13. Ne5 Bd6 14. e3 Qe7 15. Ng4 Nxg4 16. Qxg4 Qe6 17. Qxe6 fxe6 18. Bh3 Rfe8 19. dxc5 bxc5 20. Rfd1 Bf8 21. Nf3 Nc6 22. Ba3 Nd8 23. Ne5 Rc7 24. Nd3 c4 25. Bxf8 Kxf8 26. bxc4 dxc4 27. Ne5 Bd5 28. Bg2 Nf7 29. Nxf7 Kxf7 30. Bxd5 exd5 31. Rxd5 c3 32. Rc2 Ke6 33. Rd3 Rec8 34. Kf1 g5 35. Rd4 h5 36. h3 Rc5 37. Ke2 a6 38. Kd3 a5 39. f4 gxf4 40. gxf4 h4 41. f5+ Rxf5 42. Rxh4 Rd5+ 43. Rd4 Rdc5 44. Re4+ Kd7 45. h4 Kd6 46. Rg4 Ke6 47. Rg6+ Ke7 48. Rg4 Ke6 49. Re4+ Kd6 50. Rd4+ Ke6 51. h5 Rxh5 52. Rxc3 Rxc3+ 53. Kxc3 Rh3 54. Kd3 Rh2 55. Ra4 Rh5 56. Rg4 Kd6 57. Rc4 Rh2 58. Rc2 Rh4 59. Rc4 Rh2 60. a3 Rb2 61. Kd4 Rd2+ 62. Kc3 Rh2 63. Kd3 Rb2 64. Ra4 Rb5 65. Rd4+ Ke6 66. Kc4 Rb1 67. Kc3 Rb5 68. Rh4 Kd6 69. a4 Re5 70. Kd4 Rd5+ 71. Kc4 Rc5+ 72. Kd3 Rg5 73. Rd4+ Kc5 74. Rc4+ Kd6 75. Kd4 Rg1 76. Ke4 Rg4+ 77. Kd3 Rg1 78. Rd4+ Kc5 79. Rh4 Ra1 80. Rc4+ Kd5 81. Rd4+ Ke5 82. Rh4 Ra3+ 83. Ke2 Kd6 84. Kf3 Kc5 85. Rd4 Ra1 86. Kf4 Rh1 87. Ke5 Rh5+ 88. Ke6 Rh6+ 89. Kf5 Rh5+ 90. Kg4 Rh8 91. Rf4 Rb8 92. Kf5 Rf8+ 93. Ke4 Rd8 94. Kf3 Rd3 95. Ke2 Rd8 96. e4 Rd4 1/2-1/2

[Event "80th Tata Steel Challengers 2018"]
[Site "Wijk aan Zee"]
[Date "2018.01.19"]
[Round "6"]
[White "Bok, Benjamin"]
[Black "Vidit, Santosh Gujrathi"]
[Result "1/2-1/2"]
[WhiteElo "2607"]
[BlackElo "2718"]
[Annotator "TA"]
[PlyCount "61"]
[EventDate "2018.??.??"]
[EventType "tourn"]
[EventCountry "NED"]
[SourceTitle "playchess.com"]
[Source "ChessBase"]
[SourceQuality "1"]

1. d4 Nf6 2. c4 e6 3. g3 Bb4+ 4. Nd2 c5 5. a3 Bxd2+ 6. Qxd2 cxd4 7. Nf3 b6 8. b4 Bb7 9. Qxd4 d5 10. Bb2 dxc4 11. Qxc4 Nbd7 12. Bg2 Rc8 13. Qb3 Bd5 14. Qa4 O-O 15. O-O Qc7 16. Rfc1 Qb7 17. Qd1 b5 18. Rxc8 Rxc8 19. Rc1 a6 20. Rxc8+ Qxc8 21. Bf1 Ne4 22. Nd2 Nxd2 23. Qxd2 f6 24. Qc1 Qxc1 25. Bxc1 Nb6 26. f3 f5 27. Kf2 Nc4 28. a4 bxa4 29. e4 a3 30. Bxc4 Bxc4 31. Bxa3 1/2-1/2

[Event "80th Tata Steel Challengers 2018"]
[Site "Wijk aan Zee"]
[Date "2018.01.19"]
[Round "6"]
[White "Girya, Olga"]
[Black "Van Foreest, Jorden"]
[Result "1/2-1/2"]
[WhiteElo "2489"]
[BlackElo "2629"]
[Annotator "TA"]
[PlyCount "51"]
[EventDate "2018.??.??"]
[EventType "tourn"]
[EventCountry "NED"]
[SourceTitle "playchess.com"]
[Source "ChessBase"]
[SourceQuality "1"]

1. d4 e6 2. c4 b6 3. e4 Bb4+ 4. Bd2 Bxd2+ 5. Qxd2 d5 6. Bd3 Ba6 7. cxd5 Bxd3 8. Qxd3 exd5 9. Qg3 dxe4 10. Qxg7 Qf6 11. Qg4 Nc6 12. Nc3 Qg6 13. Qxe4+ Qxe4+ 14. Nxe4 Nxd4 15. O-O-O O-O-O 16. Nh3 h6 17. Rhe1 Ne7 18. Nf4 Ng6 19. Nxg6 fxg6 20. Nc3 Rd7 21. Ne2 Ne6 22. Rxd7 Kxd7 23. Rd1+ Ke7 24. Nd4 Nxd4 25. Rxd4 c5 26. Re4+ 1/2-1/2

[Event "80th Tata Steel Challengers 2018"]
[Site "Wijk aan Zee"]
[Date "2018.01.19"]
[Round "6"]
[White "Van Foreest, Lucas"]
[Black "L'Ami, Erwin"]
[Result "1/2-1/2"]
[WhiteElo "2481"]
[BlackElo "2634"]
[Annotator "TA"]
[PlyCount "88"]
[EventDate "2018.??.??"]
[EventType "tourn"]
[EventCountry "NED"]
[SourceTitle "playchess.com"]
[Source "ChessBase"]
[SourceQuality "1"]

1. e4 e5 2. Nf3 Nc6 3. Bb5 Nf6 4. d3 Bc5 5. Bxc6 dxc6 6. Bg5 Be7 7. Nxe5 Nxe4 8. Bxe7 Qxe7 9. dxe4 Qxe5 10. Nc3 O-O 11. Qd2 f5 12. f4 Qe7 13. e5 Be6 14. O-O Rfd8 15. Qe3 Qb4 16. b3 Qb6 17. Qxb6 axb6 18. Rfd1 b5 19. Kf2 b4 20. Rxd8+ Rxd8 21. Rd1 Ra8 22. Na4 Kf7 23. Ke3 b6 24. Rd3 c5 25. Rd1 c4 26. Rb1 Ke7 27. g3 Ra6 28. c3 bxc3 29. Nxc3 Ra3 30. Nb5 Rxa2 31. Nxc7 cxb3 32. Nxe6 Kxe6 33. Rxb3 Rxh2 34. Rxb6+ Kf7 35. Rb7+ Kg6 36. Rb3 h5 37. Rb6+ Kf7 38. Rb7+ Kg6 39. e6 Rh1 40. Kf2 Ra1 41. e7 Ra8 42. Kg2 Ra2+ 43. Kf3 Ra3+ 44. Kg2 Ra2+ 1/2-1/2

[Event "81st Tata Steel Tienkamp 2019"]
[Site "Wijk aan Zee"]
[Date "2019.01.23"]
[Round "6"]
[White "Brink, Barry"]
[Black "Kevlishvili, Robby"]
[Result "0-1"]
[WhiteElo "2385"]
[BlackElo "2453"]
[Annotator "TA"]
[PlyCount "72"]
[EventDate "2019.01.12"]
[EventType "tourn"]
[EventCountry "NED"]
[SourceTitle "playchess.com"]
[Source "ChessBase"]
[SourceQuality "1"]

1. d4 d5 2. c4 c6 3. Nf3 Nf6 4. Qc2 dxc4 5. Qxc4 Bg4 6. Nbd2 Nbd7 7. g3 e6 8. Bg2 Be7 9. O-O O-O 10. b3 Rc8 11. Bb2 b5 12. Qc2 c5 13. Rfc1 Qb6 14. a4 a6 15. axb5 axb5 16. Qd3 Rfd8 17. e3 Bf5 18. Qe2 Ne4 19. Nh4 Bxh4 20. gxh4 Nxd2 21. Qxd2 cxd4 22. e4 Bg6 23. Qxd4 Qxd4 24. Bxd4 Rxc1+ 25. Rxc1 f6 26. f3 Bf7 27. b4 Nf8 28. Bb6 Rb8 29. Bc7 Rc8 30. Bf1 Be8 31. Kf2 e5 32. Rc3 Bd7 33. Ke3 Ne6 34. Bxb5 Bxb5 35. Bxe5 Ra8 36. Bg3 Ra2 0-1

[Event "82nd Tata Steel Masters 2020"]
[Site "Wijk aan Zee"]
[Date "2020.01.17"]
[Round "6.1"]
[White "Carlsen, Magnus"]
[Black "Caruana, Fabiano"]
[Result "1/2-1/2"]
[WhiteElo "2872"]
[BlackElo "2822"]
[Annotator "TA"]
[PlyCount "55"]
[EventDate "2020.01.11"]
[EventType "tourn"]
[EventCountry "NED"]
[SourceTitle "playchess.com"]
[Source "ChessBase"]
[SourceQuality "1"]

1. d4 Nf6 2. c4 e6 3. Nf3 d5 4. Nc3 Be7 5. Bg5 h6 6. Bh4 dxc4 7. e3 c5 8. Bxc4 cxd4 9. Nxd4 Bd7 10. O-O O-O 11. Rc1 Nc6 12. Nb3 Rc8 13. Be2 Nd5 14. Bg3 Nxc3 15. Rxc3 Nb4 16. Rxc8 Qxc8 17. Bd6 Nd5 18. Bxe7 Nxe7 19. Qd6 Nf5 20. Qa3 Qb8 21. e4 Qe5 22. exf5 Qxe2 23. Nd4 Qe5 24. fxe6 Qxd4 25. exd7 Rd8 26. g3 Rxd7 27. Re1 Kh7 28. Qf3 1/2-1/2

[Event "85th Tata Steel Masters 2023"]
[Site "Wijk aan Zee"]
[Date "2023.01.20"]
[Round "6.1"]
[White "So, Wesley"]
[Black "Keymer, Vincent"]
[Result "1-0"]
[WhiteElo "2760"]
[BlackElo "2696"]
[Annotator "TA"]
[PlyCount "101"]
[EventDate "2023.01.10"]
[EventType "tourn"]
[EventCountry "NED"]
[SourceTitle "playchess.com"]
[Source "ChessBase"]
[SourceQuality "1"]

1. e4 e5 2. Nf3 Nc6 3. Bb5 a6 4. Ba4 Nf6 5. O-O Be7 6. Re1 b5 7. Bb3 O-O 8. a4 b4 9. a5 Rb8 10. d4 Nxd4 11. Nxd4 exd4 12. e5 Ne8 13. Qxd4 Rb5 14. Bc4 c5 15. Qd3 Rxa5 16. Rxa5 Qxa5 17. Nd2 Qc7 18. Nf3 h6 19. Bf4 Qc6 20. Bd5 Qb5 21. Qf5 Bb7 22. Bxb7 Qxb7 23. Rd1 Nc7 24. Rxd7 Rd8 25. h4 g6 26. Qd3 Qc8 27. Rxd8+ Qxd8 28. Qxd8+ Bxd8 29. Bxh6 a5 30. b3 Nb5 31. Bc1 Na3 32. c4 a4 33. g3 Nb1 34. bxa4 b3 35. Kf1 Ba5 36. Bb2 Nc3 37. Nd2 Nxa4 38. Nxb3 Bb4 39. Bc1 Nb6 40. Nd2 Bxd2 41. Bxd2 Nxc4 42. Bc3 Kf8 43. Ke2 Ke7 44. Kd3 Nb6 45. Ke4 Ke6 46. g4 Na4 47. Ba1 c4 48. Bd4 c3 49. Kd3 Kd5 50. h5 c2 51. Kxc2 1-0

[Event "83rd Tata Steel Masters 2021"]
[Site "Wijk aan Zee"]
[Date "2021.01.22"]
[Round "6.1"]
[White "Duda, Jan-Krzysztof"]
[Black "Carlsen, Magnus"]
[Result "1/2-1/2"]
[WhiteElo "2743"]
[BlackElo "2862"]
[Annotator "TA"]
[PlyCount "100"]
[EventDate "2021.01.16"]
[EventType "tourn"]
[EventCountry "NED"]
[SourceTitle "playchess.com"]
[Source "ChessBase"]
[SourceQuality "1"]

1. e4 e5 2. Nf3 Nc6 3. Bc4 Nf6 4. d3 Bc5 5. O-O d6 6. c3 a5 7. Re1 O-O 8. Nbd2 Ba7 9. Nf1 Be6 10. Bb5 Ne7 11. Ng3 Ng6 12. h3 c6 13. Ba4 d5 14. exd5 Nxd5 15. d4 exd4 16. Nxd4 Qc7 17. Qf3 Bxd4 18. cxd4 Qb6 19. Rd1 Rad8 20. Bb3 Nc7 21. Nf5 Bxb3 22. axb3 Qb5 23. h4 h5 24. Bd2 b6 25. Bg5 f6 26. Bh6 Rf7 27. Qxh5 Ne7 28. Nxe7+ Rxe7 29. Qxb5 cxb5 30. Bd2 Re4 31. d5 Nxd5 32. Be3 Rd7 33. g3 Ree7 34. Bd4 Re6 35. Rac1 Red6 36. Re1 Nb4 37. Rc8+ Kf7 38. Be3 Nd5 39. Rb8 b4 40. Kf1 Kg6 41. g4 Nxe3+ 42. Rxe3 Rd4 43. g5 f5 44. Rh8 Re4 45. Ke2 Rxe3+ 46. Kxe3 Re7+ 47. Kd3 Rd7+ 48. Ke3 Re7+ 49. Kd3 Rd7+ 50. Ke3 Re7+ 1/2-1/2

[Event "85th Tata Steel Challengers 2023"]
[Site "Wijk aan Zee"]
[Date "2023.01.20"]
[Round "6.1"]
[White "Ivic, Velimir"]
[Black "Adhiban, B.."]
[Result "1/2-1/2"]
[WhiteElo "2585"]
[BlackElo "2610"]
[Annotator "TA"]
[PlyCount "128"]
[EventDate "2023.01.10"]
[EventType "tourn"]
[EventCountry "NED"]
[SourceTitle "playchess.com"]
[Source "ChessBase"]
[SourceQuality "1"]

1. d4 Nf6 2. c4 g6 3. Nc3 Bg7 4. e4 d6 5. Nf3 O-O 6. Be2 e5 7. O-O exd4 8. Nxd4 Re8 9. f3 c6 10. Bg5 h6 11. Bh4 Nbd7 12. Kh1 Ne5 13. Qc2 g5 14. Bf2 Nh5 15. Rad1 Qf6 16. g3 Bh3 17. Rfe1 Ng4 18. Bg1 Ne5 19. Nf5 Bf8 20. f4 Ng4 21. Bf1 Bxf1 22. Rxf1 Qe6 23. b3 a6 24. Qg2 b5 25. Nd4 Qg6 26. Nxc6 gxf4 27. gxf4 bxc4 28. b4 Rac8 29. Nd4 Ngf6 30. Qf3 Qg4 31. Qxg4+ Nxg4 32. Nf5 Re6 33. Bd4 Kh7 34. a4 Ngf6 35. e5 Ng4 36. exd6 Bxd6 37. Rg1 Rg8 38. h3 Nxf4 39. Rxg4 Rxg4 40. hxg4 Bxb4 41. Rf1 Bxc3 42. Bxc3 Nd5 43. Rf3 Re4 44. Nd6 Rxg4 45. Rxf7+ Kg6 46. Rf3 h5 47. a5 Nxc3 48. Rxc3 Rg5 49. Nxc4 Rc5 50. Kg2 Kf6 51. Kf3 Ke6 52. Re3+ Kd5 53. Nb6+ Kd4 54. Re4+ Kd3 55. Ra4 Rf5+ 56. Kg3 Kc3 57. Nd7 Kb3 58. Ra1 Kb2 59. Ra4 Kb3 60. Nb6 Kc3 61. Kg2 Kb3 62. Ra1 Kb4 63. Ra4+ Kb3 64. Kg3 Kc3 1/2-1/2

[Event "86th Tata Steel Tienkamp 2024"]
[Site "Wijk aan Zee"]
[Date "2024.01.24"]
[Round "6.1"]
[White "Zwirs, Nico"]
[Black "Holzke, Frank"]
[Result "1/2-1/2"]
[WhiteElo "2476"]
[BlackElo "2460"]
[Annotator "TA"]
[PlyCount "115"]
[EventDate "2024.01.02"]
[EventType "tourn"]
[EventCountry "NED"]
[SourceTitle "playchess.com"]
[Source "ChessBase"]
[SourceQuality "1"]

1. e4 e5 2. Nf3 Nc6 3. Bc4 Nf6 4. d3 Be7 5. O-O O-O 6. Re1 d6 7. a4 Be6 8. Nc3 Bg4 9. h3 Bxf3 10. Qxf3 Nd4 11. Qd1 c6 12. Ba2 a5 13. Ne2 d5 14. Ng3 Qc7 15. c3 Ne6 16. Nf5 Rfe8 17. Qf3 Rad8 18. Qg3 Nh5 19. Qg4 Nf6 20. Qg3 Nh5 21. Qf3 Nhf4 22. exd5 cxd5 23. Nxe7+ Rxe7 24. Bd2 Qd6 25. h4 e4 26. dxe4 dxe4 27. Bxf4 exf3 28. Bxd6 Rxd6 29. gxf3 Kf8 30. Bxe6 Rexe6 31. Rxe6 Rxe6 32. Rd1 Re2 33. b4 Rc2 34. Rd8+ Ke7 35. Rb8 Rxc3 36. Rxb7+ Kf6 37. Rb6+ Ke7 38. Rb7+ Kf6 39. Rb6+ Ke7 40. bxa5 Rc4 41. h5 Rxa4 42. a6 h6 43. Kg2 Ra5 44. Rb7+ Kf6 45. a7 g6 46. hxg6 fxg6 47. Kf1 h5 48. Ke2 Ra3 49. Rh7 g5 50. Rc7 Kg6 51. Kf1 Ra1+ 52. Kg2 Kh6 53. Rb7 Kg6 54. Rb6+ Kh7 55. Rb7+ Kg6 56. Kg3 Rg1+ 57. Kh3 Rh1+ 58. Kg2 1/2-1/2

[Event "Tata Steel Tienkampen 2023"]
[Site "Wijk aan Zee"]
[Date "2023.01.25"]
[Round "6.1"]
[White "Van Dael, Siem"]
[Black "Lopez, Jasel"]
[Result "1-0"]
[WhiteElo "2291"]
[BlackElo "2434"]
[Annotator "TA"]
[PlyCount "51"]
[EventDate "2023.01.20"]
[EventType "swiss"]
[EventCountry "NED"]
[SourceTitle "playchess.com"]
[Source "ChessBase"]
[SourceQuality "1"]

1. e4 c6 2. d4 d5 3. Nd2 dxe4 4. Nxe4 Nf6 5. Nxf6+ exf6 6. c3 Bd6 7. Bd3 O-O 8. Qc2 Re8+ 9. Ne2 h5 10. O-O Qc7 11. h3 Nd7 12. Ng3 Bxg3 13. fxg3 Nf8 14. Bf4 Qd8 15. Kh2 Ne6 16. Rae1 Bd7 17. Bd6 Bc8 18. Ba3 Nc7 19. Rxe8+ Nxe8 20. Qe2 g6 21. Re1 Bd7 22. Bxg6 fxg6 23. Qc4+ Kg7 24. Re7+ Qxe7 25. Bxe7 b6 26. d5 1-0